000 01357cam a22003131i 4500
003 SA-RiAUC
005 20241119144820.0
008 241107s1985 le g b 000r0 ara c
040 _aSA-RiAUC
_bara
_cSA-RiAUC
_erda
050 4 _b.H36 1985
082 0 4 _a231.6
_qSA-RiAUC
090 _a231.6
_b ح م د
100 1 _aحمد الخطابي، حمد بن محمد بن إبراهيم،
_d319-388 هجري
_eمؤلف.
245 1 0 _aإصلاح غلط المحدثين /
_cأبو سليمان أحمد بن محمد بن إبراهيم بن الخطاب الخطابي ؛ تحقيق ودراسة حاتم صالح الضامن.
250 _aالطبعة الثانية.
264 1 _aبيروت :
_bمؤسسة الرسالة،
_c1985
300 _a88 صفحة ؛
_c24 سم.
336 _aنص
_btxt
_2rdacontent
_3كتاب
337 _aبدون وسيط
_bn
_2rdamedia
338 _aمجلد
_bnc
_2rdacarrier
490 0 _aسلسلة كتب التصحيح اللغوي ؛
_v1
504 _aببليوجرافية : صفحة 75-85.
504 _aيشتمل على إرجاعات ببليوجرافية.
650 7 _aغريب الحديث
_2aucsh
650 7 _aالحديث
_xمصطلح
_2aucsh
700 1 _aالضامن، حاتم صالح،
_d1938-2013
_eمحقق.
942 _2ddc
_cBOOK
_n0
949 _aSA-JeALM
_d241107
_umohamedma123
_n1
999 _c2549
_d2549